| 000 | 00780nas a2200241 4500 | ||
|---|---|---|---|
| 001 | BR2011000706 | ||
| 003 | BR-BrBNA | ||
| 005 | 20231205114446.0 | ||
| 007 | ta | ||
| 008 | 230509b bl.|||p| |||| 00| 00por d | ||
| 040 |
_aBR-BrBNA _bpor _cBiblioteca Nacional de Agricultura |
||
| 041 | _a(Pt) | ||
| 072 | _aF02 | ||
| 100 | 1 | _aRodrigues, F.R. | |
| 100 | 1 | _aAlmeida, W.A.B. | |
| 245 | 1 | _aCalogênese em Cissus sicyoides L. a partir de segmentos foliares visando à produção de metabólitos in vitro | |
| 650 | _aVITIDACEAE | ||
| 650 | _aCALOGENIO | ||
| 650 | _aEXPLANTE | ||
| 773 | 0 |
_tRevista Brasileira de Plantas Medicinais (Brazil) _xISSN 1516-0572 _g(Aug 2010), v. 12(3) p. 333-340 _wBR2011000706 |
|
| 909 |
_a202311 _bLúcia _c55 _dLúcia Elande |
||
| 942 |
_2AGRIS _n0 _cANA |
||
| 999 |
_c208867 _d208867 |
||